000 01237nam0a22002771 4500
001 rc\2789358
005 20250529170442.0
035 _a(NLR Aleph) 006915494
090 _a7391712
_c7391712
100 _a20110915d1935 |||y0rusy50 ca
101 0 _arus
102 _aRU
105 _aae j |||||
200 1 _aКурс органической химии
_eГлав. упр. вузов и техникумов НКЗ СССР утв. в качестве учебника для с.-х. техникумов
_fБ. А. Перекалин, В. С. Смирнов
205 _a2-е изд., перераб. и доп.
210 _aМосква
_aЛенинград
_cСельхозгиз
_d1935
_eМосква
_g"Образцовая" тип.
215 _aПереплет, 206, [2] с.
_cил.
_d23х16 см.
225 1 _aУчебники и учебные пособия для сельскохозяйственных техникумов
700 1 _aПерекалин
_bБ.А.
_gБорис Александрович
701 1 _aСмирнов
_bВ.С.
_gВладимир Сергеевич
801 0 _aRU
_bNLR
_gpsbo
801 1 _aRU
_bELAR
_2rusmarc
852 _aNLR
_j35-4/1417
942 _cBOOK
980 _aNB